00931cam a22002291a 4500001001300000003000400013005001700017008004100034010001700075035002000092040001900112042001200131050002600143111011500169245016200284260005000446300002500496440004900521500005700570650003500627710003900662l 65000239 DLC20260227111548.0870617s1962 sz 000 0 eng  al 65000239  a(OCoLC)16159386 aDLCcPU-LdDLC apremarc00aHD6961.A1bI73 no. 152 aAsian Regional Seminar on the Prevention and Settlement of Industrial Disputesd(1961 :cKuala Lumpur, Malaya)10aPrevention and settlement of industrial disputes in Asia :bdocuments submitted to and report of an Asian regional seminar, Kuala Lumpur, 7-19 December 1961. aGeneva :bInternational Labour Office,c1962. aii, 266 p. ;c30 cm. 0aLabour-Management relations series ;vno. 15 aAt head of title: International Labour Organisation. 0aArbitration, IndustrialzAsia.2 aInternational Labour Organisation.